Powiaty w Polsce znajdujące się przy granicy - Statystyki

Ogólne statystyki
  • Ten quiz został rozwiązany 221 razy
  • Średni wynik to 36 z 56
Statystyki odpowiedzi
Odpowiedź % Poprawnych
suwalski
86%
tatrzański
86%
przemyski
82%
zgorzelecki
80%
Świnoujście
79%
cieszyński
78%
białostocki
77%
bieszczadzki
77%
kłodzki
77%
hrubieszowski
76%
nowosądecki
75%
augustowski
74%
nowotarski
74%
policki
74%
bialski
73%
krośnieński
73%
krośnieński
73%
nyski
72%
sanocki
72%
żywiecki
72%
hajnowski
71%
chełmski
69%
gołdapski
68%
wałbrzyski
68%
bartoszycki
66%
żarski
64%
gorlicki
63%
słubicki
63%
jarosławski
62%
sejneński
62%
gorzowski
61%
jasielski
61%
leski
61%
braniewski
59%
sokólski
59%
wodzisławski
59%
karkonoski
58%
włodawski
58%
głubczycki
57%
gryfiński
56%
tomaszowski
56%
kętrzyński
55%
lubaczowski
55%
siemiatycki
55%
raciborski
54%
suski
54%
nowodworski
53%
węgorzewski
53%
prudnicki
52%
kamiennogórski
51%
myśliborski
51%
Jelenia Góra
49%
lwówecki
47%
Jastrzębie Zdrój
45%
lubański
44%
ząbkowicki
44%
Nie znaleziono quizów pasujących do podanych kryteriów
Rozkład punktacji
Procent ludzi z każdym wynikiem
Percentyl według liczby udzielonych odpowiedzi
Twoja historia wyników
Nie rozwiązałeś tego quizu